Tính toán, thiết kế kết cấu tàu

Αποθηκεύτηκε σε:
Λεπτομέρειες βιβλιογραφικής εγγραφής
Κύριος συγγραφέας: Trần, Công Nghị
Μορφή: Βιβλίο
Γλώσσα:Undetermined
Έκδοση: Thành phố Hồ Chí Minh Nxb. Đại học Quốc gia Thành phố Hồ Chí Minh 2002
Θέματα:
Ετικέτες: Προσθήκη ετικέτας
Δεν υπάρχουν, Καταχωρήστε ετικέτα πρώτοι!
Thư viện lưu trữ: Trung tâm Học liệu Trường Đại học Cần Thơ
LEADER 00623nam a2200193Ia 4500
001 CTU_56867
008 210402s9999 xx 000 0 und d
020 |c 16000 
082 |a 623.817 
082 |b Ngh300 
100 |a Trần, Công Nghị 
245 0 |a Tính toán, thiết kế kết cấu tàu 
245 0 |c Trần Công Nghị 
260 |a Thành phố Hồ Chí Minh 
260 |b Nxb. Đại học Quốc gia Thành phố Hồ Chí Minh 
260 |c 2002 
650 |a Naval architecture 
650 |x Designs and plans 
980 |a Trung tâm Học liệu Trường Đại học Cần Thơ